अनोख्या वाटा (Record no. 462608)

MARC details
000 -LEADER
fixed length control field 00440nam a2200145Ia 4500
008 - FIXED-LENGTH DATA ELEMENTS--GENERAL INFORMATION
fixed length control field 100204s9999 xx 000 0 und d
082 ## - DEWEY DECIMAL CLASSIFICATION NUMBER
Item number 18185
100 ## - MAIN ENTRY--PERSONAL NAME
Personal name राजे नयना
245 ## - TITLE STATEMENT
Title अनोख्या वाटा
260 ## - PUBLICATION, DISTRIBUTION, ETC. (IMPRINT)
Name of publisher, distributor, etc नवचैतन्य प्रकाशन
Date of publication, distribution, etc 1995
300 ## - PHYSICAL DESCRIPTION
Extent 191
630 ## - SUBJECT ADDED ENTRY--UNIFORM TITLE
Uniform title अनोख्या वाटा
730 ## - ADDED ENTRY--UNIFORM TITLE
Uniform title अनोख्या वाटा
942 ## - ADDED ENTRY ELEMENTS (KOHA)
Koha item type Book
Holdings
Withdrawn status Lost status Damaged status Not for loan Home library Current library Date acquired Cost, normal purchase price Total Checkouts Full call number Barcode Date last seen Cost, replacement price Price effective from Koha item type Public note
        N. C. Kelkar Sarvajanik Library, Mulund N. C. Kelkar Sarvajanik Library, Mulund 02/04/2010 70.00   18185 NCKMULUND-18185 02/04/2010 70.00 02/04/2010 Book 6)इतर